[Event "GRE ESSPEP-ch"]
[Site "Peloponnisos"]
[Date "2014.03.22"]
[Round "2"]
[White "Aggelakakis, Dimitrios Athanasio"]
[Black "Kalogerakos, Stamatis"]
[Result "1/2-1/2"]
[WhiteElo "1414"]
[BlackElo "1795"]
[PlyCount "61"]
[EventDate "2014.03.21"]
[EventType "swiss"]
[EventRounds "5"]
[EventCountry "GRE"]
[SourceTitle "EXT 2024"]
[Source "ChessBase"]
[SourceDate "2023.10.10"]
[SourceVersion "1"]
[SourceVersionDate "2023.10.10"]
[SourceQuality "1"]

1. e4 c5 2. Nc3 Nc6 3. d3 g6 4. g3 Bg7 5. Bg2 d6 6. f4 e6 7. Nf3 Nf6 8. 0-0 0-0 9. h3 Rb8 10. Be3 b5 11. e5 dxe5 12. Bxc5 Re8 13. Nxe5 Nxe5 14. fxe5 Nd5 15. Nxd5 exd5 16. Qf3 Be6 17. Bxa7 Rc8 18. c3 Bxe5 19. Bd4 Bxd4+ 20. cxd4 Rc2 21. Rf2 Qc7 22. h4 h5 23. Raf1 b4 24. Rxc2 Qxc2 25. Bh3 Qc7 26. Bxe6 Rxe6 27. Kg2 Rc6 28. Rf2 Qd7 29. Qf4 Rc8 30. Qf6 Rc6 31. Qe5 1/2-1/2